Technically Correct Book Titles Quiz Stats

Quiz Updated Jan 22, 2016

Challenge
Share
Tweet
Embed
Score 0/25 Timer 03:00
10 Plays Today
Book (A) (A) or (B) % Correct
A Tale of Two Cities???
95.8%
Ann of Green Gables???
91.4%
The Meta-morphosis???
86.5%
Do Androids Dream of Electric Sheep???
84.4%
Catch-22???
83.6%
Middle Sex???
82.6%
Are You There God? It's Me, Margaret.???
79.6%
Charlie and the Chocolate Factory???
78.5%
The Rain Maker???
78.4%
The Girl With The Dragon Tattoo.???
75.3%
A Brief History of Time???
73.1%
The Illiad???
71.9%
Angels and Demons???
71.8%
Book (A) (A) or (B) % Correct
A Brave New World???
68.7%
The Seven Habits of Highly Effective People???
68%
Eats Shoots & Leaves???
64.6%
Fahrenheit-451???
64.1%
The Very Hungry Caterpillar???
59.6%
Winnie the Pooh???
56.2%
InterWorld???
52.1%
11.22.63???
51.3%
The Curious Incident of the Dog in the Night-Time???
51.2%
The Lion, the Witch and the Wardrobe???
42.6%
Thinking, Fast and Slow???
33.5%
Strange Case of Dr Jekyll and Mr Hyde???
24%

You're not logged in!

Compare scores with friends on all Sporcle quizzes.
Join for Free
OR
Log In

You Might Also Like...

Show Comments

Extras

Top Quizzes Today


Score Distribution

Your Account Isn't Verified!

In order to create a playlist on Sporcle, you need to verify the email address you used during registration. Go to your Sporcle Settings to finish the process.

Report this User

Report this user for behavior that violates our Community Guidelines.

Details: